Almost Real... Who is Watching and Who is Being Watched?

Bibliographic Details
Main Author: Hricková, Mária, 1982- (Author)
Format: Article
Language:English

MARC

LEADER 00000nab a2200000ua 4500
001 vtls010841000
003 SK-MaSNL
005 20260305005446.0
008 230222s2011 xo |||||||||||||||||eng|
035 |a (urnnbn)urn:nbn:sk:snk:ar-a06y2f 
035 |a urn:nbn:sk:snk-ab63ni 
035 |a (uuid)ac8eb21c-a800-4c80-be19-dd25f9a86c19 
040 |a SNKBUCL  |b slo  |c SNKBUCL  |e AACR2 
041 0 |a eng 
044 |a xo  |c SK 
100 1 |a Hricková, Mária,  |d 1982-  |4 aut  |9 157052 
245 1 0 |a Almost Real... Who is Watching and Who is Being Watched?  |c Mária Kiššová 
773 0 |t Ars aeterna : across cultures across centuries - acknowledging the difference  |g Roč. 3, č. 2 (2011), s. 89-90 
958 |a OND 
958 |a EUIPO 
958 |a article5 
999 |c 3240539  |d 3242469